La reja (Record no. 173969)

MARC details
000 -LEADER
campo de control de longitud fija 00855namaa2200205 i 4500
001 - NÚMERO DE CONTROL
campo de control 173969
003 - IDENTIFICADOR DE NÚMERO DE CONTROL
campo de control ES-MaACL
005 - FECHA Y HORA DE LA ÚLTIMA TRANSACCIÓN
campo de control 20230906215414.0
008 - DATOS DE LONGITUD FIJA--INFORMACIÓN GENERAL
campo de control de longitud fija 100203s1899 sp |||| | spa d
040 ## - FUENTE DE CATALOGACIÓN
Centro catalogador/agencia de origen SpMaBN
Lengua de catalogación spa
Centro/agencia transcriptor PAB
100 1# - ENTRADA PRINCIPAL--NOMBRE DE PERSONA
Nombre de persona Álvarez Quintero, Serafín,
Fechas asociadas al nombre 1871-1938
9 (RLIN) 226443
245 13 - MENCIÓN DEL TÍTULO
Título La reja
Resto del título : comedia en un acto y en prosa /
Mención de responsabilidad, etc. de Serafín y Joaquín Álvarez Quintero.
250 ## - MENCION DE EDICION
Mención de edición 2ª ed.
260 ## - PUBLICACIÓN, DISTRIBUCIÓN, ETC.
Lugar de publicación, distribución, etc. Madrid :
Nombre del editor, distribuidor, etc. [Florencio Fiscowich],
Fecha de publicación, distribución, etc. 1899 (
Fabricante R. Velasco , imp.)
300 ## - DESCRIPCIÓN FÍSICA
Extensión 35 p. ;
Dimensiones 18 cm.
500 ## - NOTA GENERAL
Nota general En port.: Estrenada en el teatro Cómico el 4 de diciembre de 1897.
700 1# - ENTRADA AGREGADA--NOMBRE PERSONAL
Nombre de persona Álvarez Quintero, Joaquín,
Fechas asociadas al nombre 1873-1944
9 (RLIN) 20922
852 ## - LOCALIZACIÓN
Ubicación ES-MaACL
Número de control de estantería F-8636(7)
Nota libre .- Enc. pasta española
-- .- Enc. en un vol. facticio formando parte de la col. facticia "Teatro español moderno", vol. 91
Holdings
Estatus retirado Estado de pérdida Estado de daño No para préstamo Colección Biblioteca de origen Biblioteca actual Ubicación en estantería Fecha de adquisición Fuente de adquisición Total de préstamos Signatura topográfica completa Código de barras Visto por última vez Precio de reemplazo Tipo de ítem Koha
        Libros del s. XIX Biblioteca del Ateneo de Madrid Biblioteca del Ateneo de Madrid Sala Pecera Planta 2 03/02/2010     F-8636(7) 1182616 23/02/2023 23/02/2023 Libro impreso antiguo